[Event "21ème open inter de La Réunion"]
[Site "Salle des fêtes de Bellepierre"]
[Date "2019.10.20"]
[Round "6.11"]
[White "De Peindray D'Ambell, Philippe"]
[Black "Folio, Pierre"]
[Result "1-0"]
[WhiteElo "1724"]
[BlackElo "1246"]
[PlyCount "73"]
[EventDate "2019.??.??"]

1. e4 e6 2. d4 d5 3. Nc3 Nf6 4. Bg5 Be7 5. e5 Nfd7 6. Bxe7 Qxe7 7. f4 Qb4 8.
Rb1 c5 9. a3 Qb6 10. Nf3 Nc6 11. dxc5 Nxc5 12. b4 Ne4 13. Nxe4 dxe4 14. Nd2
Qe3+ 15. Qe2 Qxf4 16. Qxe4 Qxe5 17. Bd3 Qxe4+ 18. Nxe4 O-O 19. O-O Bd7 20. Nc5
Bc8 21. Be4 f5 22. Bxc6 bxc6 23. Rbd1 e5 24. Rd6 Rf6 25. Rfd1 Rb8 26. Rxf6 gxf6
27. Rd6 Rb6 28. Rd8+ Kf7 29. Rxc8 e4 30. g3 Kg6 31. Kf2 f4 32. gxf4 Kf5 33. Ke3
a5 34. c3 h5 35. h3 axb4 36. axb4 Rb7 37. Nxb7 1-0

[Event "21ème open inter de La Réunion"]
[Site "Salle des fêtes de Bellepierre"]
[Date "2019.10.20"]
[Round "6.12"]
[White "Grondin, Marine"]
[Black "Bah, Ismael"]
[Result "0-1"]
[WhiteElo "1478"]
[BlackElo "1660"]
[PlyCount "140"]
[EventDate "2019.??.??"]

1. e4 d5 2. exd5 Qxd5 3. Nc3 Qa5 4. d4 c6 5. Nf3 Bf5 6. Bd3 e6 7. O-O Nf6 8.
Bf4 Bxd3 9. Qxd3 Nbd7 10. Rfe1 Be7 11. Re2 O-O 12. Ne4 Nxe4 13. Qxe4 Qb5 14. c3
Nf6 15. Qe5 Qxe5 16. Nxe5 Bd6 17. Rd1 Rad8 18. Bg5 Be7 19. Red2 Nd5 20. Bxe7
Nxe7 21. c4 Rd6 22. Kf1 Rfd8 23. b3 c5 24. Nf3 cxd4 25. Rxd4 Rxd4 26. Rxd4 Rxd4
27. Nxd4 e5 28. Nb5 Nc6 29. Nd6 b6 30. Nb5 f5 31. Ke2 Kf7 32. Kd2 Ke7 33. h3 h5
34. h4 Kd7 35. Ke1 a6 36. Nc3 Ne7 37. Kd2 Kc6 38. b4 e4 39. Ne2 Kd6 40. Nd4 Ke5
41. Kc3 f4 42. a4 g6 43. a5 bxa5 44. bxa5 Kd6 45. f3 e3 46. Kd3 Nf5 47. Ne2 Ke5
48. c5 Ne7 49. Nd4 Nd5 50. Nc2 Kf5 51. Nd4+ Ke5 52. Nc2 Nc7 53. Nd4 Kf6 54. Nc6
g5 55. hxg5+ Kxg5 56. Ne5 Kh4 57. Ng6+ Kg3 58. Ke2 h4 59. Kf1 Nd5 60. c6 Nc7
61. Ke2 Nd5 62. Kf1 Nc7 63. Ke2 Ne6 64. Kf1 h3 65. gxh3 Kxf3 66. Ne5+ Kg3 67.
Nd3 f3 68. Ne1 e2+ 69. Kg1 f2+ 70. Kh1 fxe1=R# 0-1

[Event "21ème open inter de La Réunion"]
[Site "Salle des fêtes de Bellepierre"]
[Date "2019.10.20"]
[Round "6.13"]
[White "Torregrosa, Antoine"]
[Black "Rajaobelina, Hery"]
[Result "1-0"]
[WhiteElo "1501"]
[BlackElo "1625"]
[PlyCount "102"]
[EventDate "2019.??.??"]

1. Nf3 Nf6 2. b4 d5 3. Bb2 e6 4. a3 a5 5. b5 c6 6. e3 c5 7. c4 Be7 8. Be2 O-O
9. O-O Nbd7 10. a4 dxc4 11. Bxc4 Nb6 12. Bb3 c4 13. Bc2 Nbd5 14. Qe2 Nb6 15.
Na3 Qd5 16. Nxc4 Nxc4 17. Bb3 Rd8 18. Qxc4 b6 19. Rac1 Bb7 20. Qxd5 Nxd5 21.
Rfd1 Rac8 22. d4 Nb4 23. Ba3 Kf8 24. Ne5 Ke8 25. f3 f6 26. Nc4 Bd5 27. e4 Bxc4
28. Rxc4 Rxc4 29. Bxc4 Nc2 30. Bb2 Kd7 31. d5 Bc5+ 32. Kh1 e5 33. g3 Kd6 34.
Bb3 Nd4 35. Bxd4 exd4 36. Kg2 g5 37. Rf1 Rc8 38. f4 g4 39. h3 h5 40. hxg4 hxg4
41. Bd1 Re8 42. Bxg4 Rxe4 43. Bf3 Re3 44. g4 d3 45. g5 d2 46. g6 Ke7 47. f5 Re5
48. Bd1 Rxd5 49. Bb3 Re5 50. g7 Re2+ 51. Kf3 Re5 1-0

[Event "21ème open inter de La Réunion"]
[Site "Salle des fêtes de Bellepierre"]
[Date "2019.10.20"]
[Round "6.14"]
[White "Frelicot, Eric"]
[Black "Weber, Richard"]
[Result "1-0"]
[WhiteElo "1609"]
[BlackElo "1486"]
[PlyCount "67"]
[EventDate "2019.??.??"]

1. d4 e6 2. e4 Ne7 3. Bd3 d6 4. Nf3 h6 5. Nc3 Nbc6 6. Be3 Nb4 7. O-O Nxd3 8.
Qxd3 Ng6 9. Ne2 Be7 10. Rad1 Nh4 11. Bf4 Nxf3+ 12. Qxf3 Bd7 13. c4 Bg5 14. Bg3
O-O 15. e5 Bc6 16. Qc3 d5 17. c5 Bb5 18. Rfe1 Bxe2 19. Rxe2 c6 20. Rd3 Qd7 21.
f4 Bd8 22. Be1 g6 23. Rh3 Kg7 24. Qe3 a5 25. f5 Bg5 26. f6+ Kg8 27. Qd3 h5 28.
Bd2 Bxd2 29. Qxd2 Kh7 30. Qg5 Rh8 31. Rxh5+ Kg8 32. Rxh8+ Kxh8 33. Qh6+ Kg8 34.
Qg7# 1-0

[Event "21ème open inter de La Réunion"]
[Site "Salle des fêtes de Bellepierre"]
[Date "2019.10.20"]
[Round "6.15"]
[White "Sandjivy, Jean Marc"]
[Black "Fondrat, Johan"]
[Result "0-1"]
[WhiteElo "1218"]
[BlackElo "1541"]
[PlyCount "80"]
[EventDate "2019.??.??"]

1. c4 c6 2. Nc3 d5 3. cxd5 cxd5 4. d4 Nc6 5. Bf4 a6 6. e3 Bf5 7. Nf3 e6 8. Be2
Nf6 9. Qb3 Qd7 10. Ne5 Nxe5 11. Bxe5 Ne4 12. Na4 Rd8 13. Qd1 Bb4+ 14. Kf1 f6
15. Bg3 b5 16. a3 Ba5 17. b4 bxa4 18. bxa5 Nc3 19. Qd2 Nxe2 20. Qxe2 Qb5 21.
Qxb5+ axb5 22. Bc7 Rc8 23. Bb6 O-O 24. f4 Rc2 25. Bc5 Ra8 26. Bb4 Bd3+ 27. Kg1
Be4 28. h4 Rxg2+ 29. Kf1 Rc8 30. Bc5 Rc2 31. Rg1 Bd3+ 32. Ke1 Re2+ 33. Kd1 Rxe3
34. Kd2 Rf3 35. Rae1 Kf7 36. Re3 Rxe3 37. Kxe3 Bc4 38. Kf3 e5 39. fxe5 fxe5 40.
dxe5 Rxc5 0-1

[Event "21ème open inter de La Réunion"]
[Site "Salle des fêtes de Bellepierre"]
[Date "2019.10.20"]
[Round "6.16"]
[White "Padre, Maxime"]
[Black "Eboue, Yuri"]
[Result "1-0"]
[WhiteElo "1512"]
[BlackElo "1310"]
[PlyCount "41"]
[EventDate "2019.??.??"]

1. b3 c6 2. Bb2 d5 3. e3 Bf5 4. Be2 Nd7 5. f4 e6 6. Nf3 Bd6 7. Bxg7 Ngf6 8.
Bxh8 Ke7 9. Bxf6+ Nxf6 10. Nd4 Be4 11. Bf3 Bxf3 12. Nxf3 Qg8 13. Qe2 Qg7 14.
O-O Ne4 15. Nc3 Nf6 16. Ne5 Rg8 17. Rf3 Nh5 18. Rh3 Nf6 19. Rg3 Qh8 20. Rxg8
Qxg8 21. Rf1 1-0

[Event "21ème open inter de La Réunion"]
[Site "Salle des fêtes de Bellepierre"]
[Date "2019.10.20"]
[Round "6.17"]
[White "Eric Andriana, Fitia"]
[Black "Pun Chung, Leo"]
[Result "0-1"]
[WhiteElo "1325"]
[BlackElo "1654"]
[PlyCount "96"]
[EventDate "2019.??.??"]

1. e4 c5 2. Nc3 Nc6 3. g3 g6 4. Bg2 Bg7 5. d3 e6 6. Nge2 Nge7 7. Bd2 O-O 8. O-O
a6 9. a4 d6 10. Qc1 Re8 11. Bh6 Bh8 12. h4 Nd4 13. Kh2 d5 14. Rh1 Qd7 15. Kg1
b6 16. Kf1 Bb7 17. h5 dxe4 18. dxe4 Nxe2 19. Nxe2 Nc6 20. c3 b5 21. Nf4 Ne5 22.
Qc2 Nc4 23. Rd1 Qe7 24. Nh3 Bc6 25. b3 Ne5 26. Bf4 Rad8 27. hxg6 hxg6 28. Ng5
Bf6 29. Rxd8 Rxd8 30. Nf3 Nxf3 31. Bxf3 bxa4 32. bxa4 c4 33. Be2 Qb7 34. f3 Qb3
35. Qxb3 cxb3 36. e5 Be7 37. Kf2 Bxa4 38. Bxa6 b2 39. Ke2 Bd1+ 40. Kf2 b1=Q 41.
g4 Qa2+ 42. Kg3 Qxa6 43. Rh2 Qf1 44. Rf2 Bh4+ 45. Kxh4 Qxf2+ 46. Kg5 Qxf3 47.
c4 Kg7 48. c5 Qxg4# 0-1

[Event "21ème open inter de La Réunion"]
[Site "Salle des fêtes de Bellepierre"]
[Date "2019.10.20"]
[Round "6.18"]
[White "Leliboux, Thais"]
[Black "Folio, Raphael"]
[Result "0-1"]
[WhiteElo "1181"]
[BlackElo "1440"]
[PlyCount "134"]
[EventDate "2019.??.??"]

1. d4 d5 2. c4 e6 3. Nc3 Nf6 4. Bg5 Be7 5. e3 a6 6. Nf3 b6 7. Be2 Bb7 8. O-O
Nbd7 9. a3 h6 10. Bh4 O-O 11. Rc1 c5 12. h3 Ne4 13. Bxe7 Qxe7 14. dxc5 Ndxc5
15. cxd5 Rfd8 16. b4 Nxc3 17. Rxc3 Ne4 18. Rc1 Bxd5 19. Qc2 b5 20. Rfd1 Rac8
21. Qb2 Rxc1 22. Qxc1 Qf6 23. Rf1 Nc3 24. Nd4 Rc8 25. Qd2 Qg6 26. Bf3 Ne4 27.
Qb2 Qf6 28. Rc1 Rxc1+ 29. Qxc1 e5 30. Nb3 Qf5 31. Nc5 Nxc5 32. Bxd5 Nd3 33. Qd2
e4 34. Bb7 Qg6 35. Qc2 Kh7 36. Qc6 Qxc6 37. Bxc6 f5 38. Bb7 g5 39. Bxa6 Kg7 40.
Bxb5 Kf7 41. Bxd3 exd3 42. Kf1 Ke7 43. Ke1 Kd6 44. Kd2 Kc6 45. Kxd3 Kb6 46. Kc4
h5 47. Kb3 h4 48. a4 Ka6 49. Kc4 g4 50. hxg4 fxg4 51. e4 h3 52. b5+ Kb6 53. a5+
Kxa5 54. gxh3 gxh3 55. Kc5 h2 56. b6 h1=Q 57. b7 Qh5+ 58. Kc6 Qb5+ 59. Kc7 Qc5+
60. Kb8 Kb6 61. Ka8 Qa5+ 62. Kb8 Qa7+ 63. Kc8 Qxb7+ 64. Kd8 Kc6 65. Ke8 Kd6 66.
e5+ Ke6 67. Kf8 Qf7# 0-1

[Event "21ème open inter de La Réunion"]
[Site "Salle des fêtes de Bellepierre"]
[Date "2019.10.20"]
[Round "6.19"]
[White "Aujoulat, Fabrice"]
[Black "Bosi-Lagarde, Arthur"]
[Result "1-0"]
[WhiteElo "1400"]
[BlackElo "1100"]
[PlyCount "66"]
[EventDate "2019.??.??"]

1. d4 e6 2. e3 b6 3. Bd3 Bb7 4. Nf3 Bd6 5. Nbd2 Ne7 6. O-O O-O 7. Re1 c5 8. c3
Nbc6 9. e4 e5 10. d5 Nb8 11. Nc4 Qc7 12. Nh4 Ng6 13. Nf5 Ba6 14. Ncxd6 Bxd3 15.
Qxd3 Nf4 16. Qg3 g6 17. Ne7+ Kh8 18. Nc4 d6 19. Qg5 f6 20. Nxg6+ Nxg6 21. Qf5
Qf7 22. Qh3 Rg8 23. Bh6 Qe7 24. Kh1 Nd7 25. Ne3 Nf4 26. Bxf4 exf4 27. Nf5 Qe5
28. f3 Rg5 29. Rf1 c4 30. Nh6 Rg7 31. Nf5 Rf7 32. g4 Nc5 33. g5 fxg5 1-0

[Event "21ème open inter de La Réunion"]
[Site "Salle des fêtes de Bellepierre"]
[Date "2019.10.20"]
[Round "6.20"]
[White "Mohamed, Keziah"]
[Black "Fondrat, Thierry"]
[Result "1-0"]
[WhiteElo "1033"]
[BlackElo "1358"]
[PlyCount "55"]
[EventDate "2019.??.??"]

1. d4 d5 2. e3 Nf6 3. Bd3 e6 4. Nd2 c5 5. c3 Nc6 6. f4 Bd6 7. Ngf3 Ng4 8. Qe2
h6 9. h3 Nf6 10. Ne5 cxd4 11. exd4 Ne7 12. O-O Nf5 13. Bxf5 O-O 14. Bd3 Ne8 15.
g4 Qh4 16. Qh2 Qe7 17. h4 Nf6 18. g5 Bxe5 19. fxe5 Ng4 20. Qg3 h5 21. Rf4 Bd7
22. Nf3 a6 23. a4 b5 24. a5 b4 25. Nh2 Nxh2 26. Kxh2 bxc3 27. bxc3 g6 28. Ba3
1-0

[Event "21ème open inter de La Réunion"]
[Site "Salle des fêtes de Bellepierre"]
[Date "2019.10.20"]
[Round "6.21"]
[White "Cavillot-Delestage, Raphael"]
[Black "Alleman, Robin"]
[Result "0-1"]
[WhiteElo "1056"]
[BlackElo "1098"]
[PlyCount "92"]
[EventDate "2019.??.??"]

1. e4 d5 2. exd5 Qxd5 3. Nc3 Qa5 4. Bc4 Bf5 5. Qf3 c6 6. d3 e6 7. Bd2 Nf6 8.
Ne4 Qd8 9. Ne2 Be7 10. N2c3 O-O 11. Qg3 Nh5 12. Qf3 Nf6 13. O-O Qd4 14. Be3
Bxe4 15. dxe4 Qxc4 16. Qg3 Nxe4 17. Nxe4 Qxe4 18. Bh6 Bf6 19. c3 Qh4 20. Bxg7
Qxg3 21. fxg3 Bxg7 22. Rf4 c5 23. Rg4 Kh8 24. Rf1 Nc6 25. Rh4 Rad8 26. Rff4
Rd1+ 27. Kf2 Rd2+ 28. Kf1 Rxb2 29. Rh5 Rxa2 30. Rfh4 h6 31. g4 Rd8 32. Rxh6+
Bxh6 33. Ke1 Kg7 34. g5 Bxg5 35. Rg4 Ra1+ 36. Ke2 Rd2+ 37. Kf3 Ne5+ 38. Kg3
Nxg4 39. Kxg4 Kg6 40. c4 Rxg2+ 41. Kf3 Rb2 42. Kg3 Rf1 43. h4 Bxh4+ 44. Kxh4
Rg1 45. Kh3 Kg7 46. Kh4 Rh2# 0-1

[Event "21ème open inter de La Réunion"]
[Site "Salle des fêtes de Bellepierre"]
[Date "2019.10.20"]
[Round "6.22"]
[White "Mablouke, Ulrich"]
[Black "Erudel, Maeva"]
[Result "1-0"]
[WhiteElo "1433"]
[BlackElo "1009"]
[PlyCount "51"]
[EventDate "2019.??.??"]

1. e4 e6 2. d4 d5 3. Nc3 c5 4. exd5 exd5 5. dxc5 Bxc5 6. Nxd5 Ne7 7. Bc4 Be6 8.
Bb5+ Nbc6 9. Nxe7 Qxd1+ 10. Kxd1 Bxe7 11. Bxc6+ bxc6 12. Ne2 O-O 13. Be3 Rfd8+
14. Ke1 Bf6 15. c3 Rab8 16. b3 a6 17. f3 Rd3 18. Kf2 Bxc3 19. Nxc3 Rxc3 20.
Rac1 Rd3 21. Rxc6 a5 22. Ra6 Rb5 23. Ra8+ Rb8 24. Rxb8+ Bc8 25. Rxc8+ Rd8 26.
Rxd8# 1-0

[Event "21ème open inter de La Réunion"]
[Site "Salle des fêtes de Bellepierre"]
[Date "2019.10.20"]
[Round "6.23"]
[White "Folio, Thomas"]
[Black "Gallais, Flavien"]
[Result "1-0"]
[WhiteElo "1199"]
[BlackElo "1236"]
[PlyCount "49"]
[EventDate "2019.??.??"]

1. e4 e5 2. Nf3 Nc6 3. Bc4 h6 4. O-O Nf6 5. d3 d6 6. h3 Be7 7. Nc3 Bd7 8. Be3
Qc8 9. Nh2 O-O 10. f4 exf4 11. Bxf4 g5 12. Be3 Ne5 13. Bb3 a5 14. a3 c6 15. d4
Ng6 16. e5 dxe5 17. dxe5 Nxe5 18. Bd4 Qc7 19. Qe2 Rfe8 20. Bxe5 Bc5+ 21. Kh1
Rxe5 22. Qd3 Nh5 23. Qg6+ Ng7 24. Nd5 Bf5 25. Nf6+ 1-0

[Event "21ème open inter de La Réunion"]
[Site "Salle des fêtes de Bellepierre"]
[Date "2019.10.20"]
[Round "6.24"]
[White "Alex-Geerjanan, Nils"]
[Black "Erudel, Irina"]
[Result "1-0"]
[WhiteElo "1009"]
[BlackElo "1009"]
[PlyCount "75"]
[EventDate "2019.??.??"]

1. e4 e5 2. Nf3 Nc6 3. Bc4 Nf6 4. Nc3 Bc5 5. d3 O-O 6. Bg5 d6 7. O-O h6 8. Bh4
Bg4 9. Ne2 Bxf3 10. gxf3 a6 11. c3 b5 12. Bb3 b4 13. Bd5 Qd7 14. Bxf6 gxf6 15.
d4 Bb6 16. f4 Qg4+ 17. Kh1 Kh8 18. Bxc6 Qf3+ 19. Kg1 exf4 20. Ng3 Qxd1 21.
Raxd1 Rad8 22. Nh5 Rg8+ 23. Kh1 f3 24. Nxf6 Rg6 25. Nd5 Ba7 26. Nxb4 a5 27. Nd3
Rdg8 28. Nf4 Rg4 29. Nd5 Rh4 30. Rg1 Rb8 31. Ne7 Kh7 32. e5 Rf4 33. Rd3 Rxb2
34. Rxf3 Rg4 35. Rxg4 Rb1+ 36. Kg2 h5 37. Be4+ Kh6 38. Rf6# 1-0

[Event "21ème open inter de La Réunion"]
[Site "Salle des fêtes de Bellepierre"]
[Date "2019.10.20"]
[Round "6.25"]
[White "Khantalina, Ilariya"]
[Black "Vaast, Jean"]
[Result "0-1"]
[WhiteElo "1009"]
[BlackElo "1355"]
[PlyCount "54"]
[EventDate "2019.??.??"]

1. e4 e6 2. Nf3 c6 3. Nc3 d5 4. exd5 exd5 5. d4 Nf6 6. Bg5 Be7 7. Bxf6 Bxf6 8.
Be2 O-O 9. O-O Re8 10. Bd3 Be6 11. Re1 Nd7 12. Qd2 h6 13. h3 Qb6 14. Qf4 c5 15.
dxc5 Nxc5 16. Bf5 Qxb2 17. Rab1 Qxc3 18. Bxe6 Rxe6 19. Rxe6 Nxe6 20. Rf1 Nxf4
21. Re1 Nxh3+ 22. gxh3 Qxf3 23. Kf1 Qh1+ 24. Ke2 Re8+ 25. Kd2 Qxe1+ 26. Kd3 Re4
27. f3 Qe3# 0-1

[Event "21ème open inter de La Réunion"]
[Site "Salle des fêtes de Bellepierre"]
[Date "2019.10.20"]
[Round "6.26"]
[White "Parame, Bruno"]
[Black "Naquin, Miguel"]
[Result "1-0"]
[WhiteElo "1199"]
[BlackElo "1009"]
[PlyCount "62"]
[EventDate "2019.??.??"]

1. c4 c5 2. g3 a5 3. Bg2 Nc6 4. e3 d6 5. Ne2 Bg4 6. Nbc3 Nf6 7. e4 e5 8. d3 Be7
9. b3 Nh5 10. Nd5 Bf6 11. a3 Be6 12. Bf3 Bh3 13. Bxh5 Bg2 14. Rg1 Bh3 15. Nec3
g6 16. Bg4 Bxg4 17. Qxg4 Nd4 18. Qd1 Qd7 19. Nxf6+ Ke7 20. Nxd7 Kxd7 21. Nd5
Ra6 22. Qg4+ f5 23. Qd1 fxe4 24. dxe4 Nc2+ 25. Qxc2 a4 26. bxa4 Raa8 27. Bd2
Rxa4 28. Nb6+ Kc7 29. Qxa4 g5 30. Rb1 h5 31. Qb5 h4 1-0

[Event "21ème open inter de La Réunion"]
[Site "Salle des fêtes de Bellepierre"]
[Date "2019.10.20"]
[Round "8.1"]
[White "Hercules, Benjamin Vincent"]
[Black "Ramasindraibe, Girard"]
[Result "0-1"]
[WhiteElo "2182"]
[BlackElo "2150"]
[PlyCount "152"]
[EventDate "2019.??.??"]

1. d4 Nf6 2. Bg5 Ne4 3. Bf4 c5 4. f3 Nf6 5. dxc5 Qa5+ 6. Nc3 Qxc5 7. e4 d6 8.
Qd2 Nc6 9. Be3 Qa5 10. Bc4 e6 11. Nge2 a6 12. O-O Be7 13. a4 O-O 14. Nd4 Kh8
15. Nb3 Qc7 16. a5 Ne5 17. Be2 Nc4 18. Bxc4 Qxc4 19. Na4 Nd7 20. Rfd1 Qc7 21.
Nb6 Nxb6 22. Bxb6 Qc6 23. Nd4 Qe8 24. c4 Bd7 25. b3 Rc8 26. Nc2 Bc6 27. Ne3 f6
28. Qe2 Qh5 29. Ra2 Rfe8 30. b4 Bf8 31. Rb2 Ba4 32. Ra1 Bd7 33. b5 axb5 34.
cxb5 d5 35. Rd1 Ba3 36. Rbb1 Re7 37. Qd3 Bd6 38. Nf1 Be5 39. exd5 exd5 40. Qxd5
Bxh2+ 41. Nxh2 Re1+ 42. Nf1 Qxd5 43. Rxd5 Rxb1 44. Rxd7 h5 45. Rxb7 Rcc1 46.
Kh2 Rxf1 47. Bd4 h4 48. Kh3 Rh1+ 49. Kg4 Rb4 50. Kf5 Rxd4 51. Kg6 Rd8 52. a6
Rg1 53. a7 Rxg2+ 54. Kf5 Rd5+ 55. Ke4 Re5+ 56. Kd4 Ra2 57. b6 Ra4+ 58. Kd3 Rb5
59. Rb8+ Kh7 60. a8=Q Rxa8 61. Rxa8 Rxb6 62. Ke3 g5 63. Ra2 Rb4 64. Kf2 Kg6 65.
Kg2 Kf5 66. Rc2 Kf4 67. Ra2 f5 68. Rc2 g4 69. fxg4 fxg4 70. Rf2+ Kg5 71. Ra2
h3+ 72. Kh2 Kh4 73. Kg1 g3 74. Ra1 h2+ 75. Kg2 Rb2+ 76. Kf3 Kh3 0-1

[Event "21ème open inter de La Réunion"]
[Site "Salle des fêtes de Bellepierre"]
[Date "2019.10.20"]
[Round "8.2"]
[White "Rodier, David"]
[Black "Testud, Philippe"]
[Result "1/2-1/2"]
[WhiteElo "2161"]
[BlackElo "2140"]
[PlyCount "40"]
[EventDate "2019.??.??"]

1. d4 Nf6 2. Nf3 e6 3. c4 Bb4+ 4. Bd2 Bxd2+ 5. Qxd2 d5 6. Nc3 O-O 7. e3 Qe7 8.
Be2 Rd8 9. Qc2 dxc4 10. Bxc4 c5 11. O-O Nc6 12. dxc5 Qxc5 13. Ne4 Qf5 14. Nxf6+
Qxf6 15. Rfd1 Bd7 16. Rd6 Be8 17. Rad1 Rxd6 18. Rxd6 Rd8 19. Rxd8 Qxd8 20. a3
a5 1/2-1/2

[Event "21ème open inter de La Réunion"]
[Site "Salle des fêtes de Bellepierre"]
[Date "2019.10.20"]
[Round "8.4"]
[White "Rebut, Paul"]
[Black "Roblet, Charles"]
[Result "1-0"]
[WhiteElo "1863"]
[BlackElo "2063"]
[PlyCount "169"]
[EventDate "2019.??.??"]

1. e4 c5 2. Nf3 Nc6 3. Bb5 g6 4. Bxc6 bxc6 5. d3 d6 6. O-O Bg7 7. Re1 e5 8. h3
Nf6 9. Be3 O-O 10. Qd2 Rb8 11. c4 Nh5 12. Nc3 f5 13. Bg5 Qe8 14. exf5 Rxf5 15.
Ne4 Qf8 16. Qe2 Nf4 17. Bxf4 Rxf4 18. Nh2 h6 19. Rab1 Be6 20. a3 Kh7 21. b4
cxb4 22. axb4 Rb7 23. c5 d5 24. Nd6 Rbxb4 25. Rxb4 Rxb4 26. Nf3 e4 27. dxe4 Rb2
28. Qa6 dxe4 29. Nxe4 Bd5 30. Qxa7 Qf4 31. Qe7 Rc2 32. Re3 Rc1+ 33. Ne1 Qf8 34.
Qd7 Bxe4 35. Rxe4 Qxc5 36. Re7 Qc3 37. Qe6 Qc4 38. Qe5 Qg8 39. Kh2 Rd1 40. Nf3
Qf8 41. Nh4 Rd4 42. Kg3 Rd5 43. Qe3 Qb8+ 44. f4 Qd6 45. Kh2 Rd4 46. Re4 c5 47.
Nf3 Rxe4 48. Qxe4 Bf6 49. Ne5 Bxe5 50. fxe5 Qe6 51. Qb7+ Kg8 52. Qb8+ Kf7 53.
Qa7+ Qe7 54. Qa2+ Qe6 55. Qf2+ Qf5 56. Qxc5 Qf4+ 57. Kg1 h5 58. Qc7+ Kf8 59.
Qd6+ Kg7 60. Qd7+ Kf8 61. e6 Qf6 62. Qc8+ Ke7 63. Qd7+ Kf8 64. Qd6+ Ke8 65. h4
Qe7 66. Qc6+ Kf8 67. Qe4 Qf6 68. Qb4+ Qe7 69. Qb8+ Kg7 70. Qe5+ Qf6 71. Qc7+
Kf8 72. Qc8+ Ke7 73. Qd7+ Kf8 74. g3 Qe7 75. Qd5 Qf6 76. Kg2 Qe7 77. Kf3 Kg7
78. Ke4 Kg8 79. Ke5 g5 80. Qd7 Qf8 81. Qf7+ Qxf7 82. exf7+ Kxf7 83. hxg5 Ke7
84. Kf5 Kf7 85. g6+ 1-0

[Event "21ème open inter de La Réunion"]
[Site "Salle des fêtes de Bellepierre"]
[Date "2019.10.20"]
[Round "8.5"]
[White "Randriambololona, Herimanjatosoa"]
[Black "Lorans, Sylvain"]
[Result "1-0"]
[WhiteElo "1886"]
[BlackElo "2116"]
[PlyCount "55"]
[EventDate "2019.??.??"]

1. e4 c5 2. Nf3 d6 3. d4 cxd4 4. Nxd4 Nf6 5. Nc3 a6 6. Be2 e5 7. Nb3 Be6 8. O-O
Nbd7 9. f4 Rc8 10. Kh1 Be7 11. Qe1 b5 12. a3 O-O 13. Qg3 Bc4 14. Bd3 Nh5 15.
Qh3 Nxf4 16. Bxf4 exf4 17. Rxf4 Bf6 18. e5 Bxd3 19. exf6 Bxc2 20. Nd4 Bg6 21.
Nd5 Nxf6 22. Nxf6+ gxf6 23. Raf1 Rc4 24. b3 Rc5 25. Qh4 Re8 26. Rxf6 Ree5 27.
Ne6 Rh5 28. Rxg6+ 1-0

[Event "21ème open inter de La Réunion"]
[Site "Salle des fêtes de Bellepierre"]
[Date "2019.10.20"]
[Round "8.6"]
[White "Hamon, Christian"]
[Black "Evrin, Selvam"]
[Result "1-0"]
[WhiteElo "2001"]
[BlackElo "1788"]
[PlyCount "63"]
[EventDate "2019.??.??"]

1. Nf3 d5 2. g3 Nd7 3. d4 Ngf6 4. Bg2 e6 5. c4 dxc4 6. Nc3 a6 7. O-O Rb8 8. Bg5
h6 9. Bxf6 Qxf6 10. e4 b5 11. e5 Qd8 12. d5 Nc5 13. Nd4 Rb6 14. Nc6 Qd7 15. a4
b4 16. dxe6 Nxe6 17. Na7 bxc3 18. a5 cxb2 19. axb6 bxa1=Q 20. Qxa1 Nd4 21. Nxc8
cxb6 22. Nxb6 Ne2+ 23. Kh1 Qb5 24. Nd5 Kd7 25. Re1 c3 26. Nxc3 Nxc3 27. Qxc3
Bc5 28. Rc1 Bb4 29. Qc7+ Ke6 30. Bh3+ f5 31. exf6+ Kxf6 32. Rc6+ 1-0

[Event "21ème open inter de La Réunion"]
[Site "Salle des fêtes de Bellepierre"]
[Date "2019.10.20"]
[Round "8.7"]
[White "Larmet, Nino"]
[Black "Mezouaghi, Miloud"]
[Result "0-1"]
[WhiteElo "1738"]
[BlackElo "2001"]
[PlyCount "111"]
[EventDate "2019.??.??"]

1. e4 c5 2. Nc3 Nc6 3. g3 g6 4. Bg2 Bg7 5. d3 e6 6. Nge2 Nge7 7. Bg5 d6 8. O-O
O-O 9. Qd2 Rb8 10. Bh6 b5 11. Bxg7 Kxg7 12. f4 b4 13. Nd1 Qb6 14. Ne3 f5 15. g4
fxe4 16. dxe4 Ba6 17. Rf2 Nd4 18. Nxd4 cxd4 19. Nf1 Rf7 20. Ng3 Rbf8 21. Kh1
Kh8 22. Bf1 Bb7 23. Bg2 Qc5 24. Raf1 a5 25. h4 Ba6 26. Re1 e5 27. f5 gxf5 28.
exf5 Qc7 29. Ne4 Bb7 30. Ng5 Bxg2+ 31. Rxg2 Nd5 32. Nxf7+ Qxf7 33. Rf2 Nf6 34.
g5 Ng4 35. Rf3 Qh5 36. Ref1 Qxh4+ 37. Kg1 Ne3 38. g6 Nxf1 39. Qg2 Qh2+ 40. Kxf1
Qxg2+ 41. Kxg2 hxg6 42. Rh3+ Kg7 43. fxg6 Rc8 44. Rh7+ Kxg6 45. Ra7 Rxc2+ 46.
Kf3 Rxb2 47. Rxa5 Kf5 48. Kg3 Ke4 49. a4 bxa3 50. Rxa3 d5 51. Ra1 d3 52. Re1+
Kd4 53. Kf3 e4+ 54. Kf4 Rf2+ 55. Kg3 Rf8 56. Ra1 0-1

[Event "21ème open inter de La Réunion"]
[Site "Salle des fêtes de Bellepierre"]
[Date "2019.10.20"]
[Round "8.9"]
[White "Quere, Alexandre"]
[Black "Bah, Ismael"]
[Result "1-0"]
[WhiteElo "2042"]
[BlackElo "1660"]
[PlyCount "155"]
[EventDate "2019.??.??"]

1. Nf3 Nf6 2. c4 b6 3. g3 Bb7 4. Bg2 c5 5. Nc3 Nc6 6. O-O Rb8 7. d4 Nxd4 8.
Nxd4 Bxg2 9. Kxg2 cxd4 10. Qxd4 d6 11. Bg5 Qc7 12. Rfd1 Qc5 13. Bxf6 gxf6 14.
Nb5 Qxd4 15. Rxd4 Rb7 16. Re4 Kd8 17. Rd1 a6 18. Nd4 e6 19. b4 Rc7 20. b5 f5
21. Re3 axb5 22. cxb5 d5 23. Nc6+ Ke8 24. Rxd5 Rxc6 25. bxc6 Bc5 26. Rxc5 bxc5
27. Rc3 Kd8 28. Rxc5 Kc7 29. Rc2 Ra8 30. Kh3 Rg8 31. Rc4 f6 32. Kh4 e5 33. Kh5
f4 34. gxf4 Rg2 35. fxe5 Rxh2+ 36. Rh4 Rxf2 37. exf6 Rxf6 38. Kg5 Rf2 39. Rxh7+
Kxc6 40. Re7 Rf8 41. Re3 Kd5 42. Kg4 Kd4 43. Rd3+ Kc4 44. Kg3 Rf7 45. Rf3 Rb7
46. Kf2 Kd4 47. Rb3 Ra7 48. a3 Ra8 49. Ke1 Ke4 50. Kd2 Kd4 51. e3+ Ke4 52. Rb4+
Ke5 53. a4 Rd8+ 54. Kc2 Rc8+ 55. Kb2 Kd5 56. a5 Kc5 57. Ra4 Kb5 58. Ra3 Ka6 59.
Kb3 Rc1 60. Kb4 Rc8 61. Rd3 Rc1 62. Rd6+ Ka7 63. a6 Rc8 64. Re6 Rc1 65. e4 Re1
66. Kb5 Rb1+ 67. Kc5 Rd1 68. e5 Rd2 69. Rd6 Re2 70. Kd5 Kb8 71. Ke6 Ra2 72. Kd7
Rc2 73. e6 Rc7+ 74. Ke8 Rc1 75. e7 Kc8 76. a7 Kb7 77. Rd7+ Ka8 78. Rd4 1-0

[Event "21ème open inter de La Réunion"]
[Site "Salle des fêtes de Bellepierre"]
[Date "2019.10.20"]
[Round "8.10"]
[White "Goorsahye, Antoine"]
[Black "Pun Chung, Leo"]
[Result "1-0"]
[WhiteElo "1786"]
[BlackElo "1654"]
[PlyCount "63"]
[EventDate "2019.??.??"]

1. e4 c5 2. Nc3 Nc6 3. g3 g6 4. Bg2 Bg7 5. d3 e6 6. Be3 Nd4 7. Qd2 Ne7 8. Nd1
d6 9. c3 Ndc6 10. Bh6 O-O 11. Bxg7 Kxg7 12. h4 h5 13. Ne2 e5 14. Ne3 Qb6 15.
O-O Be6 16. f4 f5 17. Kh2 Rae8 18. Rf2 Nd8 19. d4 cxd4 20. cxd4 fxe4 21. dxe5
Nd5 22. Nxd5 Qxf2 23. Ne3 Bg4 24. Nxg4 hxg4 25. exd6 e3 26. Qd3 Re6 27. Rf1
Rxd6 28. Qc3+ Rff6 29. Rxf2 exf2 30. Nd4 Nc6 31. Nxc6 Rd1 32. Ne5 1-0

[Event "21ème open inter de La Réunion"]
[Site "Salle des fêtes de Bellepierre"]
[Date "2019.10.20"]
[Round "8.16"]
[White "Folio, Pierre"]
[Black "Rajaobelina, Hery"]
[Result "0-1"]
[WhiteElo "1246"]
[BlackElo "1625"]
[PlyCount "80"]
[EventDate "2019.??.??"]

1. e4 c5 2. c3 Nf6 3. Nf3 Nxe4 4. Bc4 d5 5. Qe2 Nf6 6. Bb3 e6 7. d4 Nbd7 8. Bg5
Be7 9. Nbd2 O-O 10. h4 h6 11. Bxh6 gxh6 12. g4 Nxg4 13. Rg1 h5 14. O-O-O Kh8
15. Nh2 Ndf6 16. Nxg4 hxg4 17. h5 Rg8 18. h6 cxd4 19. cxd4 Qc7+ 20. Bc2 Qf4 21.
h7 Rg7 22. Rh1 Bd7 23. Rdg1 Rc8 24. Kb1 Qxd4 25. Nb3 Rxc2 26. Qxc2 Qe4 27. Qxe4
dxe4 28. Rc1 Bd6 29. Rcd1 Bc7 30. Nc5 Bc6 31. Rh6 Nxh7 32. Nd7 Rg6 33. Rh4 Kg7
34. Rxh7+ Kxh7 35. Nf8+ Kg7 36. Nxg6 Kxg6 37. b4 Bb6 38. Rd2 g3 39. fxg3 e3 40.
Rh2 Bf3 0-1